| 000 | 00457nam a22001697a 4500 | ||
|---|---|---|---|
| 003 | OSt | ||
| 005 | 20260507235944.0 | ||
| 008 | 260507b |||||||| |||| 00| 0 eng d | ||
| 020 | _a9711901307 | ||
| 040 |
_aDWCL Main Lib. _cOC |
||
| 082 | _aF B532d 1998 | ||
| 100 | _aBautista, Lualhati | ||
| 245 |
_aDekada 70 / _cLualhati Bautista |
||
| 260 |
_aPhilippines ; _bCacho Publishing House, _cc1998. |
||
| 300 |
_a228 pages ; _c18 cm. |
||
| 942 |
_2ddc _cFIC. _n0 |
||
| 999 |
_c10310 _d10310 |
||